<?xml version="1.0" encoding="UTF-8"?>
<record
    xmlns:xsi="http://www.w3.org/2001/XMLSchema-instance"
    xsi:schemaLocation="http://www.loc.gov/MARC21/slim http://www.loc.gov/standards/marcxml/schema/MARC21slim.xsd"
    xmlns="http://www.loc.gov/MARC21/slim">

  <leader>01968 am a2200481 a 4500</leader>
  <controlfield tag="005">20240530114603.0</controlfield>
  <controlfield tag="008">110329s2009||||sp a   |||||||||||||spa d</controlfield>
  <datafield tag="020" ind1=" " ind2=" ">
    <subfield code="a">9788498351484</subfield>
  </datafield>
  <datafield tag="041" ind1=" " ind2=" ">
    <subfield code="a">spa</subfield>
  </datafield>
  <datafield tag="092" ind1=" " ind2=" ">
    <subfield code="c">616.0757</subfield>
    <subfield code="l">53</subfield>
    <subfield code="s">MOL</subfield>
  </datafield>
  <datafield tag="100" ind1="1" ind2=" ">
    <subfield code="a">M&#xF6;ller, Torsten B.</subfield>
    <subfield code="9">2</subfield>
  </datafield>
  <datafield tag="245" ind1=" " ind2=" ">
    <subfield code="a">Atlas de bolsillo de Cortes Anat&#xF3;micos. Tomograf&#xED;a Computarizada y Resonancia Magn&#xE9;tica.  </subfield>
    <subfield code="b">T.1 Cabeza y Cuello /</subfield>
    <subfield code="c">Torsten B. M&#xF6;ller</subfield>
  </datafield>
  <datafield tag="250" ind1=" " ind2=" ">
    <subfield code="a">3a ed. revisada y actualizada.</subfield>
  </datafield>
  <datafield tag="260" ind1=" " ind2=" ">
    <subfield code="a">Madrid: </subfield>
    <subfield code="b">Editorial M&#xE9;dica Panamericana;</subfield>
    <subfield code="c">2009.</subfield>
  </datafield>
  <datafield tag="300" ind1=" " ind2=" ">
    <subfield code="a">264 p.</subfield>
    <subfield code="b">413 ilustraciones</subfield>
  </datafield>
  <datafield tag="500" ind1=" " ind2=" ">
    <subfield code="a">M&#xF6;ller, T. B. y Reif, E. (2009). Atlas de bolsillo de cortes anat&#xF3;micos. Tomograf&#xED;a computarizada y resonancia magn&#xE9;tica. T.1 Cabeza y cuello. (3a ed.). Madrid : Editorial M&#xE9;dica Panamericana</subfield>
  </datafield>
  <datafield tag="590" ind1=" " ind2=" ">
    <subfield code="a">Compra FACIMED 2011</subfield>
  </datafield>
  <datafield tag="653" ind1=" " ind2=" ">
    <subfield code="a">TC craneal: Axial (cantomeatal)</subfield>
  </datafield>
  <datafield tag="653" ind1=" " ind2=" ">
    <subfield code="a">TC craneal: Territorios vasculares (axial)</subfield>
  </datafield>
  <datafield tag="653" ind1=" " ind2=" ">
    <subfield code="a">TC craneal: Sistemas neurofuncionales (axial)</subfield>
  </datafield>
  <datafield tag="653" ind1=" " ind2=" ">
    <subfield code="a">TC de la porci&#xF3;n petrosa del hueso temporal: axial</subfield>
  </datafield>
  <datafield tag="653" ind1=" " ind2=" ">
    <subfield code="a">TC craneal: Coronal</subfield>
  </datafield>
  <datafield tag="653" ind1=" " ind2=" ">
    <subfield code="a">Espacios en el esqueleto facial: Coronal</subfield>
  </datafield>
  <datafield tag="653" ind1=" " ind2=" ">
    <subfield code="a">RM craneal: Axial (plano horizontal)</subfield>
  </datafield>
  <datafield tag="653" ind1=" " ind2=" ">
    <subfield code="a">RM craneal: Territorios vasculares (axial)</subfield>
  </datafield>
  <datafield tag="653" ind1=" " ind2=" ">
    <subfield code="a">RM craneal: Sagital</subfield>
  </datafield>
  <datafield tag="653" ind1=" " ind2=" ">
    <subfield code="a">RM craneal: Territorios vasculares (sagital)</subfield>
  </datafield>
  <datafield tag="653" ind1=" " ind2=" ">
    <subfield code="a">RM craneal: Coronal</subfield>
  </datafield>
  <datafield tag="653" ind1=" " ind2=" ">
    <subfield code="a">RM craneal: Territorios vasculares (coronal)</subfield>
  </datafield>
  <datafield tag="653" ind1=" " ind2=" ">
    <subfield code="a">RM craneal: Sistemas neurofuncionales (coronal)</subfield>
  </datafield>
  <datafield tag="653" ind1=" " ind2=" ">
    <subfield code="a">Angiograf&#xED;a craneal por RM: Arterial</subfield>
  </datafield>
  <datafield tag="653" ind1=" " ind2=" ">
    <subfield code="a">Angiograf&#xED;a craneal por RM: Venosa</subfield>
  </datafield>
  <datafield tag="653" ind1=" " ind2=" ">
    <subfield code="a">Cuello: Axial</subfield>
  </datafield>
  <datafield tag="653" ind1=" " ind2=" ">
    <subfield code="a">Ganglios linf&#xE1;ticos cervicales: Axial</subfield>
  </datafield>
  <datafield tag="653" ind1=" " ind2=" ">
    <subfield code="a">Espacios cervicales: Axial</subfield>
  </datafield>
  <datafield tag="653" ind1=" " ind2=" ">
    <subfield code="a">Laringe: Axial</subfield>
  </datafield>
  <datafield tag="653" ind1=" " ind2=" ">
    <subfield code="a">Cuello: Sagital</subfield>
  </datafield>
  <datafield tag="653" ind1=" " ind2=" ">
    <subfield code="a">Espacios cervicales: Sagital</subfield>
  </datafield>
  <datafield tag="655" ind1=" " ind2=" ">
    <subfield code="a">Cuello: Coronal</subfield>
    <subfield code="9">3867</subfield>
  </datafield>
  <datafield tag="700" ind1="1" ind2=" ">
    <subfield code="a">Reif, Emil.</subfield>
    <subfield code="9">3</subfield>
  </datafield>
  <datafield tag="930" ind1=" " ind2=" ">
    <subfield code="a">2207</subfield>
  </datafield>
  <datafield tag="942" ind1=" " ind2=" ">
    <subfield code="2">ddc</subfield>
    <subfield code="c">BK</subfield>
  </datafield>
  <datafield tag="999" ind1=" " ind2=" ">
    <subfield code="c">809</subfield>
    <subfield code="d">809</subfield>
  </datafield>
  <datafield tag="952" ind1=" " ind2=" ">
    <subfield code="0">0</subfield>
    <subfield code="1">0</subfield>
    <subfield code="2">ddc</subfield>
    <subfield code="4">0</subfield>
    <subfield code="7">0</subfield>
    <subfield code="a">BFM</subfield>
    <subfield code="b">BFM</subfield>
    <subfield code="c">CR</subfield>
    <subfield code="d">2011-05-13</subfield>
    <subfield code="l">110</subfield>
    <subfield code="m">10</subfield>
    <subfield code="o">616.0757 53 MOL</subfield>
    <subfield code="p">2206</subfield>
    <subfield code="r">2026-05-26</subfield>
    <subfield code="s">2026-05-19</subfield>
    <subfield code="t">ej.1</subfield>
    <subfield code="w">2011-05-13</subfield>
    <subfield code="y">BK</subfield>
  </datafield>
  <datafield tag="952" ind1=" " ind2=" ">
    <subfield code="0">0</subfield>
    <subfield code="1">0</subfield>
    <subfield code="2">ddc</subfield>
    <subfield code="4">0</subfield>
    <subfield code="7">0</subfield>
    <subfield code="8">REF</subfield>
    <subfield code="a">BFM</subfield>
    <subfield code="b">BFM</subfield>
    <subfield code="c">REF</subfield>
    <subfield code="d">2011-05-13</subfield>
    <subfield code="l">25</subfield>
    <subfield code="o">616.0757 53 MOL</subfield>
    <subfield code="p">2207</subfield>
    <subfield code="r">2024-03-07</subfield>
    <subfield code="s">2024-02-27</subfield>
    <subfield code="t">ej.2</subfield>
    <subfield code="w">2011-05-13</subfield>
    <subfield code="y">REF</subfield>
    <subfield code="z">LIBRO DE CONSULTA</subfield>
  </datafield>
  <datafield tag="952" ind1=" " ind2=" ">
    <subfield code="0">0</subfield>
    <subfield code="1">0</subfield>
    <subfield code="2">ddc</subfield>
    <subfield code="4">0</subfield>
    <subfield code="7">0</subfield>
    <subfield code="a">BFM</subfield>
    <subfield code="b">BFM</subfield>
    <subfield code="c">CR</subfield>
    <subfield code="d">2011-06-29</subfield>
    <subfield code="l">128</subfield>
    <subfield code="m">13</subfield>
    <subfield code="o">616.0757 53 MOL</subfield>
    <subfield code="p">2343</subfield>
    <subfield code="r">2025-11-12</subfield>
    <subfield code="s">2025-11-10</subfield>
    <subfield code="t">ej.3</subfield>
    <subfield code="w">2011-06-29</subfield>
    <subfield code="y">BK</subfield>
  </datafield>
  <datafield tag="952" ind1=" " ind2=" ">
    <subfield code="0">0</subfield>
    <subfield code="1">0</subfield>
    <subfield code="2">ddc</subfield>
    <subfield code="4">0</subfield>
    <subfield code="7">0</subfield>
    <subfield code="a">BFM</subfield>
    <subfield code="b">BFM</subfield>
    <subfield code="c">CR</subfield>
    <subfield code="d">2011-06-29</subfield>
    <subfield code="l">103</subfield>
    <subfield code="m">5</subfield>
    <subfield code="o">616.0757 53 MOL</subfield>
    <subfield code="p">2372</subfield>
    <subfield code="r">2025-11-07</subfield>
    <subfield code="s">2025-10-30</subfield>
    <subfield code="t">ej.4</subfield>
    <subfield code="w">2011-06-29</subfield>
    <subfield code="y">BK</subfield>
  </datafield>
  <datafield tag="952" ind1=" " ind2=" ">
    <subfield code="0">0</subfield>
    <subfield code="1">0</subfield>
    <subfield code="2">ddc</subfield>
    <subfield code="4">0</subfield>
    <subfield code="7">0</subfield>
    <subfield code="a">BFM</subfield>
    <subfield code="b">BFM</subfield>
    <subfield code="c">CR</subfield>
    <subfield code="d">2011-07-06</subfield>
    <subfield code="l">104</subfield>
    <subfield code="m">8</subfield>
    <subfield code="o">616.0757 53 MOL</subfield>
    <subfield code="p">2407</subfield>
    <subfield code="r">2025-11-07</subfield>
    <subfield code="s">2025-10-30</subfield>
    <subfield code="t">ej.5</subfield>
    <subfield code="w">2011-07-06</subfield>
    <subfield code="y">BK</subfield>
  </datafield>
  <datafield tag="952" ind1=" " ind2=" ">
    <subfield code="0">0</subfield>
    <subfield code="1">0</subfield>
    <subfield code="2">ddc</subfield>
    <subfield code="4">0</subfield>
    <subfield code="7">0</subfield>
    <subfield code="a">BFM</subfield>
    <subfield code="b">BFM</subfield>
    <subfield code="c">CR</subfield>
    <subfield code="d">2012-06-05</subfield>
    <subfield code="e">Proyecto PROMED</subfield>
    <subfield code="l">102</subfield>
    <subfield code="m">16</subfield>
    <subfield code="o">616.0757 53 MOL</subfield>
    <subfield code="p">2504</subfield>
    <subfield code="r">2026-05-26</subfield>
    <subfield code="s">2026-05-11</subfield>
    <subfield code="t">ej.6</subfield>
    <subfield code="w">2012-06-05</subfield>
    <subfield code="y">BK</subfield>
    <subfield code="z">Proyecto PROMED</subfield>
  </datafield>
  <datafield tag="952" ind1=" " ind2=" ">
    <subfield code="0">0</subfield>
    <subfield code="1">0</subfield>
    <subfield code="2">ddc</subfield>
    <subfield code="4">0</subfield>
    <subfield code="7">0</subfield>
    <subfield code="a">BFM</subfield>
    <subfield code="b">BFM</subfield>
    <subfield code="c">CR</subfield>
    <subfield code="d">2012-06-05</subfield>
    <subfield code="e">Proyecto PROMED</subfield>
    <subfield code="l">120</subfield>
    <subfield code="m">12</subfield>
    <subfield code="o">616.0757 53 MOL</subfield>
    <subfield code="p">2507</subfield>
    <subfield code="r">2025-11-05</subfield>
    <subfield code="s">2025-10-29</subfield>
    <subfield code="t">ej.7</subfield>
    <subfield code="w">2012-06-05</subfield>
    <subfield code="y">BK</subfield>
    <subfield code="z">Proyecto PROMED</subfield>
  </datafield>
  <datafield tag="952" ind1=" " ind2=" ">
    <subfield code="0">0</subfield>
    <subfield code="1">0</subfield>
    <subfield code="2">ddc</subfield>
    <subfield code="4">0</subfield>
    <subfield code="7">0</subfield>
    <subfield code="a">BFM</subfield>
    <subfield code="b">BFM</subfield>
    <subfield code="c">CR</subfield>
    <subfield code="d">2012-06-05</subfield>
    <subfield code="e">Proyecto PROMED</subfield>
    <subfield code="l">104</subfield>
    <subfield code="m">11</subfield>
    <subfield code="o">616.0757 53 MOL</subfield>
    <subfield code="p">2510</subfield>
    <subfield code="r">2025-11-04</subfield>
    <subfield code="s">2025-10-28</subfield>
    <subfield code="t">ej.8</subfield>
    <subfield code="w">2012-06-05</subfield>
    <subfield code="y">BK</subfield>
    <subfield code="z">Proyecto PROMED</subfield>
  </datafield>
  <datafield tag="952" ind1=" " ind2=" ">
    <subfield code="0">0</subfield>
    <subfield code="1">0</subfield>
    <subfield code="2">ddc</subfield>
    <subfield code="4">0</subfield>
    <subfield code="7">0</subfield>
    <subfield code="8">NFIC</subfield>
    <subfield code="a">BFM</subfield>
    <subfield code="b">BFM</subfield>
    <subfield code="c">CR</subfield>
    <subfield code="d">2013-03-07</subfield>
    <subfield code="e">Presupuesto UNCO</subfield>
    <subfield code="g">0.00</subfield>
    <subfield code="l">85</subfield>
    <subfield code="m">14</subfield>
    <subfield code="o">616.0757 53 MOL </subfield>
    <subfield code="p">2744</subfield>
    <subfield code="r">2025-11-07</subfield>
    <subfield code="s">2025-10-31</subfield>
    <subfield code="t">Ej.9</subfield>
    <subfield code="w">2013-03-07</subfield>
    <subfield code="y">BK</subfield>
    <subfield code="z">Presupuesto UNCo</subfield>
  </datafield>
  <datafield tag="952" ind1=" " ind2=" ">
    <subfield code="0">0</subfield>
    <subfield code="1">0</subfield>
    <subfield code="2">ddc</subfield>
    <subfield code="4">0</subfield>
    <subfield code="7">0</subfield>
    <subfield code="8">NFIC</subfield>
    <subfield code="a">BFM</subfield>
    <subfield code="b">BFM</subfield>
    <subfield code="c">CR</subfield>
    <subfield code="d">2013-03-07</subfield>
    <subfield code="e">Presupuesto UNCO</subfield>
    <subfield code="g">0.00</subfield>
    <subfield code="l">80</subfield>
    <subfield code="m">7</subfield>
    <subfield code="o">616.0757 53 MOL </subfield>
    <subfield code="p">2745</subfield>
    <subfield code="r">2025-11-04</subfield>
    <subfield code="s">2025-10-28</subfield>
    <subfield code="t">Ej.10</subfield>
    <subfield code="w">2013-03-07</subfield>
    <subfield code="y">BK</subfield>
    <subfield code="z">Presupuesto UNCo</subfield>
  </datafield>
  <datafield tag="952" ind1=" " ind2=" ">
    <subfield code="0">0</subfield>
    <subfield code="1">0</subfield>
    <subfield code="2">ddc</subfield>
    <subfield code="4">0</subfield>
    <subfield code="7">0</subfield>
    <subfield code="8">NFIC</subfield>
    <subfield code="a">BFM</subfield>
    <subfield code="b">BFM</subfield>
    <subfield code="c">CR</subfield>
    <subfield code="d">2013-03-07</subfield>
    <subfield code="e">Presupuesto UNCO</subfield>
    <subfield code="g">0.00</subfield>
    <subfield code="l">62</subfield>
    <subfield code="m">2</subfield>
    <subfield code="o">616.0757 53 MOL </subfield>
    <subfield code="p">2746</subfield>
    <subfield code="r">2025-11-07</subfield>
    <subfield code="s">2025-10-30</subfield>
    <subfield code="t">Ej.11</subfield>
    <subfield code="w">2013-03-07</subfield>
    <subfield code="y">BK</subfield>
    <subfield code="z">Presupuesto UNCo</subfield>
  </datafield>
  <datafield tag="952" ind1=" " ind2=" ">
    <subfield code="0">0</subfield>
    <subfield code="1">0</subfield>
    <subfield code="2">ddc</subfield>
    <subfield code="4">0</subfield>
    <subfield code="7">0</subfield>
    <subfield code="8">NFIC</subfield>
    <subfield code="a">BFM</subfield>
    <subfield code="b">BFM</subfield>
    <subfield code="c">CR</subfield>
    <subfield code="d">2013-03-07</subfield>
    <subfield code="e">Presupuesto UNCO</subfield>
    <subfield code="g">0.00</subfield>
    <subfield code="l">92</subfield>
    <subfield code="m">10</subfield>
    <subfield code="o">616.0757 53 MOL </subfield>
    <subfield code="p">2747</subfield>
    <subfield code="r">2025-11-12</subfield>
    <subfield code="s">2025-10-29</subfield>
    <subfield code="t">Ej.12</subfield>
    <subfield code="w">2013-03-07</subfield>
    <subfield code="y">BK</subfield>
    <subfield code="z">Presupuesto UNCo</subfield>
  </datafield>
  <datafield tag="952" ind1=" " ind2=" ">
    <subfield code="0">0</subfield>
    <subfield code="1">0</subfield>
    <subfield code="2">ddc</subfield>
    <subfield code="4">0</subfield>
    <subfield code="7">0</subfield>
    <subfield code="8">NFIC</subfield>
    <subfield code="a">BFM</subfield>
    <subfield code="b">BFM</subfield>
    <subfield code="c">CR</subfield>
    <subfield code="d">2013-03-07</subfield>
    <subfield code="e">Presupuesto UNCO</subfield>
    <subfield code="g">0.00</subfield>
    <subfield code="l">100</subfield>
    <subfield code="m">4</subfield>
    <subfield code="o">616.0757 53 MOL </subfield>
    <subfield code="p">2748</subfield>
    <subfield code="r">2026-03-05</subfield>
    <subfield code="s">2026-03-03</subfield>
    <subfield code="t">Ej.13</subfield>
    <subfield code="w">2013-03-07</subfield>
    <subfield code="y">BK</subfield>
    <subfield code="z">Presupuesto UNCo</subfield>
  </datafield>
  <datafield tag="952" ind1=" " ind2=" ">
    <subfield code="0">0</subfield>
    <subfield code="1">0</subfield>
    <subfield code="2">ddc</subfield>
    <subfield code="4">0</subfield>
    <subfield code="7">0</subfield>
    <subfield code="8">NFIC</subfield>
    <subfield code="a">BFM</subfield>
    <subfield code="b">BFM</subfield>
    <subfield code="c">CR</subfield>
    <subfield code="d">2013-03-12</subfield>
    <subfield code="e">Proyecto PROMED 2do A&#xF1;o</subfield>
    <subfield code="g">170.00</subfield>
    <subfield code="l">96</subfield>
    <subfield code="m">8</subfield>
    <subfield code="o">616.0757 53 MOL</subfield>
    <subfield code="p">2798</subfield>
    <subfield code="r">2026-03-05</subfield>
    <subfield code="s">2025-11-27</subfield>
    <subfield code="t">Ej. 14</subfield>
    <subfield code="w">2013-03-12</subfield>
    <subfield code="y">BK</subfield>
    <subfield code="z">Proyecto PROMED 2do a&#xF1;o</subfield>
  </datafield>
  <datafield tag="952" ind1=" " ind2=" ">
    <subfield code="0">0</subfield>
    <subfield code="1">0</subfield>
    <subfield code="2">ddc</subfield>
    <subfield code="4">0</subfield>
    <subfield code="7">0</subfield>
    <subfield code="8">NFIC</subfield>
    <subfield code="a">BFM</subfield>
    <subfield code="b">BFM</subfield>
    <subfield code="c">CR</subfield>
    <subfield code="d">2013-03-12</subfield>
    <subfield code="e">Proyecto PROMED 2do A&#xF1;o</subfield>
    <subfield code="g">170.00</subfield>
    <subfield code="l">92</subfield>
    <subfield code="m">12</subfield>
    <subfield code="o">616.0757 53 MOL</subfield>
    <subfield code="p">2799</subfield>
    <subfield code="r">2025-11-05</subfield>
    <subfield code="s">2025-10-29</subfield>
    <subfield code="t">Ej. 15</subfield>
    <subfield code="w">2013-03-12</subfield>
    <subfield code="y">BK</subfield>
    <subfield code="z">Proyecto PROMED 2do a&#xF1;o</subfield>
  </datafield>
  <datafield tag="952" ind1=" " ind2=" ">
    <subfield code="0">0</subfield>
    <subfield code="1">0</subfield>
    <subfield code="2">ddc</subfield>
    <subfield code="4">0</subfield>
    <subfield code="7">0</subfield>
    <subfield code="8">NFIC</subfield>
    <subfield code="a">BFM</subfield>
    <subfield code="b">BFM</subfield>
    <subfield code="c">CR</subfield>
    <subfield code="d">2013-03-12</subfield>
    <subfield code="e">Proyecto PROMED 2do A&#xF1;o</subfield>
    <subfield code="g">170.00</subfield>
    <subfield code="l">63</subfield>
    <subfield code="m">8</subfield>
    <subfield code="o">616.0757 53 MOL</subfield>
    <subfield code="p">2800</subfield>
    <subfield code="r">2025-11-14</subfield>
    <subfield code="s">2025-10-15</subfield>
    <subfield code="t">Ej. 16</subfield>
    <subfield code="w">2013-03-12</subfield>
    <subfield code="y">BK</subfield>
    <subfield code="z">Proyecto PROMED 2do a&#xF1;o</subfield>
  </datafield>
  <datafield tag="952" ind1=" " ind2=" ">
    <subfield code="0">0</subfield>
    <subfield code="1">0</subfield>
    <subfield code="2">ddc</subfield>
    <subfield code="4">0</subfield>
    <subfield code="7">0</subfield>
    <subfield code="8">NFIC</subfield>
    <subfield code="a">BFM</subfield>
    <subfield code="b">BFM</subfield>
    <subfield code="c">CR</subfield>
    <subfield code="d">2013-03-12</subfield>
    <subfield code="e">Proyecto PROMED 2do A&#xF1;o</subfield>
    <subfield code="g">170.00</subfield>
    <subfield code="l">87</subfield>
    <subfield code="m">10</subfield>
    <subfield code="o">616.0757 53 MOL</subfield>
    <subfield code="p">2801</subfield>
    <subfield code="r">2025-11-12</subfield>
    <subfield code="s">2025-10-29</subfield>
    <subfield code="t">Ej. 17</subfield>
    <subfield code="w">2013-03-12</subfield>
    <subfield code="y">BK</subfield>
    <subfield code="z">Proyecto PROMED 2do a&#xF1;o</subfield>
  </datafield>
  <datafield tag="952" ind1=" " ind2=" ">
    <subfield code="0">0</subfield>
    <subfield code="1">0</subfield>
    <subfield code="2">ddc</subfield>
    <subfield code="4">0</subfield>
    <subfield code="7">0</subfield>
    <subfield code="8">NFIC</subfield>
    <subfield code="a">BFM</subfield>
    <subfield code="b">BFM</subfield>
    <subfield code="c">CR</subfield>
    <subfield code="d">2013-03-12</subfield>
    <subfield code="e">Proyecto PROMED 2do A&#xF1;o</subfield>
    <subfield code="g">170.00</subfield>
    <subfield code="l">77</subfield>
    <subfield code="m">6</subfield>
    <subfield code="o">616.0757 53 MOL</subfield>
    <subfield code="p">2802</subfield>
    <subfield code="r">2026-05-26</subfield>
    <subfield code="s">2026-05-19</subfield>
    <subfield code="t">Ej. 18</subfield>
    <subfield code="w">2013-03-12</subfield>
    <subfield code="y">BK</subfield>
    <subfield code="z">Proyecto PROMED 2do a&#xF1;o</subfield>
  </datafield>
</record>
